La historia de los hombres : (Record no. 91034)

MARC details
000 -LEADER
fixed length control field 00648nam a2200193 4500
005 - DATE AND TIME OF LATEST TRANSACTION
control field 20151207081634.0
008 - FIXED-LENGTH DATA ELEMENTS--GENERAL INFORMATION
fixed length control field 150417b sp ||||| |||| 00| 0 spa d
020 ## - INTERNATIONAL STANDARD BOOK NUMBER
International Standard Book Number 8484323293
050 04 - LIBRARY OF CONGRESS CALL NUMBER
Classification number D13
Item number F66 2002
100 1# - MAIN ENTRY--PERSONAL NAME
Personal name Fontana, Josep,
Dates associated with a name [1931- ]
245 10 - TITLE STATEMENT
Title La historia de los hombres :
Remainder of title el siglo XX
Statement of responsibility, etc / Josep Fontana
250 ## - EDITION STATEMENT
Edition statement 1a ed.
260 ## - PUBLICATION, DISTRIBUTION, ETC. (IMPRINT)
Place of publication, distribution, etc Barcelona, España :
Name of publisher, distributor, etc Crítica,
Date of publication, distribution, etc 2002.
300 ## - PHYSICAL DESCRIPTION
Extent 230 p. ;
Dimensions 19 cm.
490 ## - SERIES STATEMENT
Series statement Biblioteca de Bolsillo ;
Volume number/sequential designation 81
650 #7 - SUBJECT ADDED ENTRY--TOPICAL TERM
Source of heading or term LEMB
Topical term or geographic name as entry element Historia
General subdivision Estudio y enseñanza
Chronological subdivision Siglo XX
650 #7 - SUBJECT ADDED ENTRY--TOPICAL TERM
Source of heading or term LEMB
Topical term or geographic name as entry element Historiografía
General subdivision Critica y interpretación
Chronological subdivision Siglo XX
942 ## - ADDED ENTRY ELEMENTS (KOHA)
Source of classification or shelving scheme Biblioteca del Cogreso de los Estados Unidos
Koha item type Libro
Holdings
Estado de pérdida Fuente de clasificación Estado del daño No para préstamo Ubicación permanente Ubicación actual Apartado o colección Fecha de adquisición Fuente de adquisición Edición Dependencia de educación superior (DES) Área del conocimiento Clasificación Código de Barras Date last seen Número de copia Tipo de recurso Nota pública
  Biblioteca del Cogreso de los Estados Unidos     Biblioteca del Instituto de Investigaciones Históricas Biblioteca del Instituto de Investigaciones Históricas General 21/04/2015 Proyecto de Investigación 1a ed. Humanidades Educación y Humanidades D13 F66 2002 IIH000014011 21/04/2015 C:1 Libro GENERAL